000 00411nam a2200157Ia 4500
005 20250519020158.0
008 240331s9999 xx 000 0 und d
020 _a9555520062
082 _a300
_bRAT
100 _aRathnapala, N
245 0 _aSamaja viddyawe muuladarma
260 _aColombo
_bLake House Publications
_c1986
300 _a210 p .,
500 _aA Book of Principles of Social Science
942 _cL
999 _c979
_d979